Managing development in a globalized world : (Record no. 19341)

000 -LEADER
fixed length control field 00694cam a2200217 a 4500
020 ## - INTERNATIONAL STANDARD BOOK NUMBER
ISBN 9781420068375 (alk. paper)
020 ## - INTERNATIONAL STANDARD BOOK NUMBER
ISBN 1420068377 (alk. paper)
040 ## - CATALOGING SOURCE
Transcribing agency DLC
082 00 - DEWEY DECIMAL CLASSIFICATION NUMBER
Classification number 352 NOR 1992 C165 Or.
100 1# - MAIN ENTRY--AUTHOR NAME
Personal name Zafarullah, Habib Mohammad
245 10 - TITLE STATEMENT
Title Managing development in a globalized world :
Remainder of title concepts, processes, institutions /
300 ## - PHYSICAL DESCRIPTION
Number of Pages xxxiv, 493 pages :
Other physical details illustrations ;
Dimensions 25 cm
490 1# - SERIES STATEMENT
Series statement Public administration and public policy ;
650 #0 - SUBJECT ADDED ENTRY--TOPICAL TERM
Topical Term Public administration
650 #0 - SUBJECT ADDED ENTRY--TOPICAL TERM
Topical Term Political planning
650 #0 - SUBJECT ADDED ENTRY--TOPICAL TERM
Topical Term Political development
650 #0 - SUBJECT ADDED ENTRY--TOPICAL TERM
Topical Term Economic development
650 #0 - SUBJECT ADDED ENTRY--TOPICAL TERM
Topical Term Social planning
700 1# - ADDED ENTRY--PERSONAL NAME
Personal name Huque, Ahmed Shafiqul
942 ## - ADDED ENTRY ELEMENTS (KOHA)
Koha item type ADB
952 ## - LOCATION AND ITEM INFORMATION (KOHA)
Withdrawn status [LOCAL, KOHA] 0
952 ## - LOCATION AND ITEM INFORMATION (KOHA)
Withdrawn status [LOCAL, KOHA] 0
Holdings
Source of acquisition Permanent Location Date acquired Koha item type Lost status Shelving location Current Location Full call number
A33722Library Block C2020-09-25សៀវភៅភាសាអង់គ្លេស C165Library Block C352 NOR 1992 C165 Or.
A33722Library Block C2020-09-25សៀវភៅភាសាអង់គ្លេស C165Library Block C352 NOR 1992 C165 Or.
មជ្ឈមណ្ឌលឯការនៃសាកលវិទ្យាល័យភូមិន្ទកសិកម្មចំការដូង

Powered by Koha